Proprivm missarvm de tempore. (Record no. 8212)
[ view plain ]
| 000 -CABECERA | |
|---|---|
| campo de control de longitud fija | 00957nam a2200289 a 4500 |
| 001 - NÚMERO DE CONTROL | |
| campo de control | BRCA_8549 |
| 005 - FECHA Y HORA DE LA ÚLTIMA TRANSACCIÓN | |
| campo de control | 20190320210328.0 |
| 008 - DATOS DE LONGITUD FIJA--INFORMACIÓN GENERAL | |
| campo de control de longitud fija | 150816s1597----sp-#######---#000-0#lat-# |
| 041 ## - CÓDIGO DE LENGUA | |
| Código de lengua del texto/banda sonora o título independiente | lat |
| 044 ## - CÓDIGO DEL PAÍS DE LA ENTIDAD EDITORA/PRODUCTORA | |
| Código MARC del país | sp |
| 050 #4 - SIGNATURA TOPOGRÁFICA DE LA BIBLIOTECA DEL CONGRESO | |
| Número de clasificación | BX1970 |
| Número de documento/Ítem | .P76 |
| -- | 1597 |
| 245 10 - MENCIÓN DE TÍTULO | |
| Título | Proprivm missarvm de tempore. |
| 260 ## - PUBLICACIÓN, DISTRIBUCIÓN, ETC. | |
| Lugar de publicación, distribución, etc. | Matriti |
| Nombre del editor, distribuidor, etc. | Ex typographia regia |
| Fecha de publicación, distribución, etc. | 1597 |
| 300 ## - DESCRIPCIÓN FÍSICA | |
| Extensión | 576 p. |
| Dimensiones | 43 cm |
| 500 ## - NOTA GENERAL | |
| Nota general | Fondo antiguo |
| 500 ## - NOTA GENERAL | |
| Nota general | Se encuentra en Caja Fuerte |
| 500 ## - NOTA GENERAL | |
| Nota general | W-32 |
| 500 ## - NOTA GENERAL | |
| Nota general | Contiene partituras |
| 500 ## - NOTA GENERAL | |
| Nota general | Libro impreso en dos tintas negro y rojo |
| 500 ## - NOTA GENERAL | |
| Nota general | Con Ex-libris de: Franz Mayer |
| 500 ## - NOTA GENERAL | |
| Nota general | En la cubierta se localizan dos notas |
| 500 ## - NOTA GENERAL | |
| Nota general | Nota de encuadernación: en piel, cantoneras de metal, el lomo se encuentra desprendido |
| 506 0# - NOTA DE RESTRICCIONES AL ACCESO | |
| Limitaciones de acceso | Fondo reservado: para su consulta es necesario credencial de usuario y carta de motivos |
| 650 14 - PUNTO DE ACCESO ADICIONAL DE MATERIA--TÉRMINO DE MATERIA | |
| Término de materia o nombre geográfico como elemento de entrada | Iglesia católica |
| Término indicativo de función/relación | Liturgia |
| Subdivisión de forma | textos |
| 9 (RLIN) | 21427 |
| 902 ## - CATALOGADOR | |
| Iniciales | LAR |
| 942 ## - ELEMENTOS DE PUNTO DE ACCESO ADICIONAL (KOHA) | |
| Fuente del sistema de clasificación o colocación | Library of Congress Classification |
| Tipo de ítem Koha | Libros |
| Estado de retiro | Estado de pérdida | Estado dañado | No para préstamo | Localización permanente | Ubicación/localización actual | Fecha de adquisición | Número de inventario | Total de préstamos | Signatura topográfica completa | Código de barras | Fecha visto por última vez | Precio válido a partir de | Tipo de ítem Koha |
|---|---|---|---|---|---|---|---|---|---|---|---|---|---|
| El ejemplar forma parte de la colección y puede ser consultado según las políticas vigentes. | Biblioteca del Museo Franz Mayer (Rogerio Casas-Alatriste) | Biblioteca del Museo Franz Mayer (Rogerio Casas-Alatriste) | 15/08/2016 | W-32 | BX1970 .P76 1597 (W-32) | LAR00052 | 22/03/2019 | 22/03/2019 | Libros |